000 00723nam a22002177a 4500
003 DO-SdBNP
005 20210720114844.0
008 210720b 2018 pr 00| 0 eng d
020 _a9789945608120
040 _aDO-SdBNP
_bspa
_cBNPHU
100 1 _aPlanchart, Orlando
_979306
242 1 0 _aLa última sonrisa /
_cOrlando Planchart Márquez.
245 1 0 _a La última sonrisa /
_cOrlando Planchart Márquez.
260 _aSan Juan, Puerto Rico :
_b Isla Negra Editores,
_c2018.
300 _a69 p. ;
_c16 cm.
490 _aFilo de juego
500 _aIncluye datos biográficos del autor en la solapa de la cubierta.
590 _aInventariado, 2021 /LP
830 _aFilo de juego
_91014
942 _2ddc
_cLBS1
999 _c50147
_d50147